Electric Machinery The prcesses, Devices and systems of electromechanical energy conversion / A. E. Fitzgerald, Charles Kingsley, Alexander Kusko (Registro nro. 22144)
[ vista simple ]
| 000 -LÍDER | |
|---|---|
| fixed length control field | 00572nam a2200157 4500 |
| 008 - ELEMENTOS DE LONGITUD FIJA -- INFORMACIÓN GENERAL | |
| fixed length control field | 0 1961 0a 000 0JAP |
| 050 ## - SIGNATURA TOPOGRAFICA DE LA BIBLIOTECA DEL CONGRESO (LC) | |
| Número de Clasificación | TK2181 F553e |
| 082 ## - NUMERO DE CLASIFICACION DECIMAL DEWEY | |
| Número de Clasificación | 621.3210.42 F612e |
| 100 ## - ASIENTO PRINCIPAL--NOMBRE PERSONAL | |
| Nombre personal | Fitzgerald A. E. |
| 245 ## - TÍTULO | |
| Título | Electric Machinery The prcesses, Devices and systems of electromechanical energy conversion / A. E. Fitzgerald, Charles Kingsley, Alexander Kusko |
| 250 ## - MENCIÓN DE EDICIÓN | |
| Mención de edición | 3 |
| 260 ## - PUBLICACIÓN, DISTRIBUCIÓN, ETC. (PIE DE IMPRENTA) | |
| Lugar de publicación, distribución, etc. | Tokyo : Mcgraw-Hill |
| 300 ## - DESCRIPCIÓN FÍSICA | |
| Extensión | 623 p. / 20 cm. |
| 650 ## - ASIENTO SECUNDARIO DE MATERIA - TERMINO TEMÁTICO | |
| Término temático o nombre geográfico como elemento de entrada | 1. MAQUINARIA ELECTRICA |
| 700 ## - ASIENTO SECUNDARIO - NOMBRE PERSONAL | |
| Nombre personal | I. Kingsley, Charles, coaut. II. Kusko, Alexander, coaut. |
| No. biblioteca | No. biblioteca | Número de clasificación | Código de barras/Número de adquisición | Número de copia | Tipo de material |
|---|---|---|---|---|---|
| LUIS G. INCLAN | LUIS G. INCLAN | 621.3210.42 F612e | 5351 | 2 | Libros |
| LUIS G. INCLAN | LUIS G. INCLAN | 621.3210.42 F612e | 5350 | 1 | Libros |
